| 000 | 00712 a2200205 4500 | ||
|---|---|---|---|
| 001 | 3835 | ||
| 005 | 20260407155430.0 | ||
| 008 | 260407a1992 arg spa d | ||
| 003 | AR-UNSa-BCEJYS | ||
| 040 |
_aAR-UNSa-BCEJYS _bspa _cAR-UNSa-BCEJYS |
||
| 080 |
_a(038)33 _xDiccionario de Economía |
||
| 245 | 1 | 0 | _aDiccionario de economía y administración |
| 020 | _a84-7615-791-6 | ||
| 264 | 1 |
_aMadrid : _bMcGraw-Hill _c1992 |
|
| 300 |
_aviii, 383 p. _c25 cm. |
||
| 942 | _cBK | ||
| 590 | _aniveau_biblio:m niveau_hierar:0 | ||
| 100 | 1 | _aSuarez Suarez, Andrés Santiago | |
| 856 | 4 | 1 |
_uhttps://t2.gstatic.com/images?q=tbn:ANd9GcS2HYQn9OWvxTe1c-6GPE0DeA7WTKtfwBURYU8SVVN6sWQT01F-wD4u5Uc2 _yImagen de portada _qimage/jpeg |
| 999 |
_c369 _d369 |
||